<?xml version="1.0" encoding="UTF-8"?><?xml-stylesheet type="text/xsl" href="static/style.xsl"?><OAI-PMH xmlns="http://www.openarchives.org/OAI/2.0/" xmlns:xsi="http://www.w3.org/2001/XMLSchema-instance" xsi:schemaLocation="http://www.openarchives.org/OAI/2.0/ http://www.openarchives.org/OAI/2.0/OAI-PMH.xsd"><responseDate>2026-04-13T13:28:37Z</responseDate><request verb="GetRecord" identifier="oai:www.recercat.cat:2072/434930" metadataPrefix="marc">https://recercat.cat/oai/request</request><GetRecord><record><header><identifier>oai:recercat.cat:2072/434930</identifier><datestamp>2024-10-31T02:56:26Z</datestamp><setSpec>com_2072_98</setSpec><setSpec>col_2072_378192</setSpec></header><metadata><record xmlns="http://www.loc.gov/MARC21/slim" xmlns:dcterms="http://purl.org/dc/terms/" xmlns:xsi="http://www.w3.org/2001/XMLSchema-instance" xmlns:doc="http://www.lyncode.com/xoai" xsi:schemaLocation="http://www.loc.gov/MARC21/slim http://www.loc.gov/standards/marcxml/schema/MARC21slim.xsd">
   <leader>00925njm 22002777a 4500</leader>
   <datafield ind2=" " ind1=" " tag="042">
      <subfield code="a">dc</subfield>
   </datafield>
   <datafield ind2=" " ind1=" " tag="720">
      <subfield code="a">Escobar Urmeneta, Cristina</subfield>
      <subfield code="e">author</subfield>
   </datafield>
   <datafield ind2=" " ind1=" " tag="260">
      <subfield code="c">2019</subfield>
   </datafield>
   <datafield ind2=" " ind1=" " tag="520">
      <subfield code="a">This paper provides a presentation to Content and Language Integrated Learning (CLIL) aimed at any reader who needs a basic understanding of this approach, be they teachers, teacher educators or education stakeholders in general. The article contextualises CLIL within the European Union (EU) policy intended to promote effective plurilingualism for all, offers a rationale for CLIL and warns policy makers and practitioners of certain practices commonly observed in CLIL settings that may undermine its effectiveness.</subfield>
   </datafield>
   <datafield ind2=" " ind1=" " tag="520">
      <subfield code="a">Aquest article aspira a familiaritzar a qualsevol persona interessada - sigui docent, professional de la formació del professorat, o persona amb responsabilitats educatives - amb l' enfocament Aprenentatge Integrat de Continguts i Llengua (AICLE). L'article situa l'AICLE en el context de la política lingüística de la Unió Europea (UE) encaminada a promoure un plurilingüisme actiu per a tota la ciutadania, presenta alguns principis teòrics que fonamenten aquest enfocament, i adverteix sobre pràctiques observades en aules AICLE que poden amenaçar el seu potencial educatiu.</subfield>
   </datafield>
   <datafield ind2=" " ind1=" " tag="520">
      <subfield code="a">Este artículo aspira a familiarizar a cualquier persona interesada --ya sea docente, profesional de la formación del profesorado,o persona con responsabilidades educativas -con el enfoque Aprendizaje Integrado de Contenidos y Lengua (AICLE). El artículo sitúa el AICLE en el contexto de la políticalingüística de la Unión Europea (UE) a encaminada a promover un plurilingüismo activo para toda la ciudadanía, presenta algunos principios teóricos que fundamentan este enfoque,y advierte sobre prácticas observadas en aulas AICLE que pueden amenazar su potencial educativo.</subfield>
   </datafield>
   <datafield tag="653" ind2=" " ind1=" ">
      <subfield code="a">CLIL</subfield>
   </datafield>
   <datafield tag="653" ind2=" " ind1=" ">
      <subfield code="a">Classroom interaction</subfield>
   </datafield>
   <datafield tag="653" ind2=" " ind1=" ">
      <subfield code="a">Democratic CLIL</subfield>
   </datafield>
   <datafield tag="653" ind2=" " ind1=" ">
      <subfield code="a">Dual-focused instruction</subfield>
   </datafield>
   <datafield tag="653" ind2=" " ind1=" ">
      <subfield code="a">Language policy</subfield>
   </datafield>
   <datafield tag="653" ind2=" " ind1=" ">
      <subfield code="a">Plurilingual education</subfield>
   </datafield>
   <datafield tag="653" ind2=" " ind1=" ">
      <subfield code="a">Teacher education</subfield>
   </datafield>
   <datafield tag="653" ind2=" " ind1=" ">
      <subfield code="a">AICLE</subfield>
   </datafield>
   <datafield tag="653" ind2=" " ind1=" ">
      <subfield code="a">Interacció a l'aula</subfield>
   </datafield>
   <datafield tag="653" ind2=" " ind1=" ">
      <subfield code="a">AICLE democràtic</subfield>
   </datafield>
   <datafield tag="653" ind2=" " ind1=" ">
      <subfield code="a">Ensenyament amb doble focalizació</subfield>
   </datafield>
   <datafield tag="653" ind2=" " ind1=" ">
      <subfield code="a">Política lingüística</subfield>
   </datafield>
   <datafield tag="653" ind2=" " ind1=" ">
      <subfield code="a">Educació plurilingüe</subfield>
   </datafield>
   <datafield tag="653" ind2=" " ind1=" ">
      <subfield code="a">Formació del professorat</subfield>
   </datafield>
   <datafield tag="653" ind2=" " ind1=" ">
      <subfield code="a">Interacción en el aula</subfield>
   </datafield>
   <datafield tag="653" ind2=" " ind1=" ">
      <subfield code="a">AICLE democrático: enseñanza con doble focalización</subfield>
   </datafield>
   <datafield tag="653" ind2=" " ind1=" ">
      <subfield code="a">Educación plurilingüe</subfield>
   </datafield>
   <datafield tag="653" ind2=" " ind1=" ">
      <subfield code="a">Formación del profesorado</subfield>
   </datafield>
   <datafield ind2="0" ind1="0" tag="245">
      <subfield code="a">An Introduction to Content and Language Integrated Learning (CLIL) for Teachers and Teacher Educators</subfield>
   </datafield>
</record></metadata></record></GetRecord></OAI-PMH>